La inclusión del otro: estudios de teoría política
Furkejuvvon:
| Váldodahkki: | |
|---|---|
| Materiálatiipa: | Girji |
| Giella: | espánnjágiella |
| Almmustuhtton: |
Barcelona
Paidós
1999
|
| Preanttus: | 1a. ed |
| Ráidu: | Paidós Básica, 98
|
| Fáttát: | |
| Fáddágilkorat: |
Lasit fáddágilkoriid
Eai fáddágilkorat, Lasit vuosttaš fáddágilkora!
|
MARC
| LEADER | 00000nam a2200000 a 4500 | ||
|---|---|---|---|
| 001 | UCP7282 | ||
| 003 | CL-VaPUC | ||
| 008 | 991209e19990000SP |||||||||||||||||spa|d | ||
| 020 | |a 9788449306723 | ||
| 082 | 0 | 4 | |a 320.01 |b HAB |2 21 |
| 100 | 0 | |a Habermas, Jürgen |e author |9 334312 | |
| 245 | 1 | 3 | |a La inclusión del otro: estudios de teoría política |
| 250 | |a 1a. ed | ||
| 300 | |a 258 p | ||
| 942 | |c BK | ||
| 945 | |d 19991209 00:00:00 |a vberengu | ||
| 260 | |a Barcelona |b Paidós |c 1999 | ||
| 650 | 0 | |a Democracia |9 255256 | |
| 650 | 0 | |a Estado de derecho |9 257795 | |
| 650 | 0 | |a Etica política |9 255799 | |
| 650 | 7 | |a FILOSOFIA POLITICA |2 CL-VaPUC |9 436811 | |
| 650 | 7 | |a TEORIA POLITICA |2 CL-VaPUC |9 436812 | |
| 583 | |a last modification |c 19991209 00:00:00 |k Rodrigo Vera | ||
| 490 | 0 | |a Paidós Básica, 98 | |
| 999 | |c 284585 |d 284583 | ||
| 952 | |0 0 |1 0 |4 0 |6 320_010000000000000_HAB_1999 |7 0 |8 A |9 328694 |a BIBEDU |b BIBEDU |d 2019-11-20 |i 3575047 |l 2 |o 320.01 HAB 1999 |p 3575047 |r 2022-05-20 |s 2022-05-20 |w 2019-11-20 |y BK |k PSI | ||
| 952 | |0 0 |1 0 |4 0 |6 320_010000000000000_HAB_1999 |7 0 |8 A |9 328695 |a BIBEDU |b BIBEDU |d 2019-11-20 |i 4629914 |o 320.01 HAB 1999 |p 4629914 |r 2019-11-20 |w 2019-11-20 |y BK |k FIL | ||
| 952 | |0 0 |1 0 |4 0 |6 320_010000000000000_HAB_1999 |7 0 |8 A |9 328696 |a BIBGIM |b BIBGIM |d 2019-11-20 |i 4778316 |o 320.01 HAB 1999 |p 4778316 |r 2025-01-15 |w 2019-11-20 |y BK |k SSL | ||